| 000 | 00451nam a2200181 a 4500 | ||
|---|---|---|---|
| 001 | 3041 | ||
| 005 | 20140414131904.0 | ||
| 008 | 060131s19uu xx 00 eng d | ||
| 020 | _a0-590-46222-9 | ||
| 050 |
_aFIC _bP44 1968 |
||
| 100 | _aPeterson, John | ||
| 245 |
_aThe littles take a trip / _cby John Peterson. |
||
| 260 |
_aNew York : _bScholasic, _c1968. |
||
| 300 | _a94 p. ; cm. | ||
| 650 | _aFiction. | ||
| 999 |
_c110841 _d110841 |
||